00448cam a22000977a 4500008004000000082001800040245012300058260007200181300000900253700008800262180718b1984 xxu||||| |||| 00| 0 eng d aT000x54 In2fi aFive year plans and district planningcby Department of Personnel And Administrative Reforms, Ministry Of Home Affairs aNew DelhibDepartment of Personnel And Administrative Reformsc1984 a49p. aIndia. Ministry Of Home Affairs. Department of Personnel And Administrative Reforms